| 000 | 00546nam a2200169Ia 4500 | ||
|---|---|---|---|
| 008 | 230921s9999||||xx |||||||||||||| ||und|| | ||
| 020 | _a978-3-319-94123-3 | ||
| 041 | _aEN | ||
| 100 | _aTomas Marttila | ||
| 245 | 0 | _aDiscourse, Culture and Organization | |
| 250 | _a1st ed. 2019 | ||
| 260 |
_c2019 _bSpringer International Publishing |
||
| 440 | _aPostdisciplinary Studies in Discourse | ||
| 856 | _uhttps://doi.org/10.1007/978-3-319-94123-3 | ||
| 856 | _uhttps://link.springer.com/openurl?genre=book&isbn=978-3-319-94123-3 | ||
| 942 | _cEB | ||
| 999 |
_c253432 _d253432 |
||